Statistics for US Cities that share names with a World Capital

Click here to take the quiz!

General Stats

  • This quiz has been taken 59 times
  • The average score is 59 of 98

Answer Stats

HintAnswer% Correct
US town - European CapitalLondon, Ohio
98%
US town - European CapitalLondon, United Kingdom
98%
US town - European CapitalParis, France
98%
US town - European CapitalParis, Texas
98%
US town - European CapitalRome, Georgia
94%
US town - European CapitalRome, Italy
94%
US town - South American CapitalLima, Ohio
88%
US town - South American CapitalLima, Peru
88%
US town - European CapitalMadrid, Iowa
88%
US town - European CapitalMadrid, Spain
88%
US town - European CapitalMoscow, Idaho
88%
US town - European CapitalMoscow, Russia
88%
US town - European CapitalLisbon, Maine
85%
US town - European CapitalLisbon, Portugal
85%
US town - European CapitalOslo, Minnesota
85%
US town - European CapitalOslo, Norway
85%
US town - European CapitalAthens, Georgia
83%
US town - European CapitalAthens, Greece
83%
US town - African CapitalCairo, Egypt
83%
US town - African CapitalCairo, Georgia
83%
US town - European CapitalDublin, California
83%
US town - European CapitalDublin, Ireland
83%
US town - South American CapitalSantiago, Chile
79%
US town - South American CapitalSantiago, Iowa
79%
US town - European CapitalStockholm, Sweden
77%
US town - European CapitalStockholm, Wisconsin
77%
US town - European CapitalAmsterdam, Netherlands
75%
US town - European CapitalAmsterdam, New York
75%
US town - European CapitalBerlin, Germany
75%
US town - European CapitalBerlin, New Hampshire
75%
US town - European CapitalBern, Switzerland
75%
US town - European CapitalNew Bern, North Carolina
75%
US town - European CapitalVienna, Austria
75%
US town - European CapitalVienna, Virginia
75%
US town - South American CapitalBogotá, Colombia
73%
US town - South American CapitalBogota, New Jersey
73%
US town - European CapitalWarsaw, Indiana
73%
US town - European CapitalWarsaw, Poland
73%
US town - European CapitalBrussels, Belgium
71%
US town - European CapitalBrussels, Illinois
71%
US town - South American CapitalLa Paz, Bolivia
69%
US town - South American CapitalLa Paz, Indiana
69%
US town - European CapitalCopenhagen, Denmark
67%
US town - European CapitalCopenhagen, New York
67%
US town - European CapitalPrague, Czech Republic
67%
US town - European CapitalPrague, Oklahoma
67%
US town - South American CapitalQuito, Ecuador
65%
US town - South American CapitalQuito, Mississippi
65%
US town - South American CapitalGeorgetown, Guyana
63%
US town - South American CapitalGeorgetown, Kentucky
63%
US town - North American CapitalKingston, Jamaica
63%
US town - North American CapitalKingston, New York
63%
US town - Oceania CapitalWellington, Florida
63%
US town - Oceania CapitalWellington, New Zealand
63%
US town - South American CapitalMontevideo, Minnesota
60%
US town - South American CapitalMontevideo, Uruguay
60%
US town - North American CapitalOttawa, Canada
60%
US town - North American CapitalOttawa, Illinois
60%
US town - North American CapitalSan Jose, California
58%
US town - North American CapitalSan José, Costa Rica
58%
US town - Asian CapitalDelhi, India
54%
US town - Asian CapitalDelhi, New York
54%
US town - South American CapitalAsuncion, California
50%
US town - South American CapitalAsunción, Paraguay
50%
US town - North American CapitalHavana, Cuba
50%
US town - North American CapitalHavana, Illinois
50%
US town - European CapitalRiga, Latvia
50%
US town - European CapitalRiga, Michigan
50%
US town - European CapitalSofia, Bulgaria
50%
US town - European CapitalSofia, New Mexico
50%
US town - European CapitalBelgrade, Montana
48%
US town - European CapitalBelgrade, Serbia
48%
US town - Asian CapitalJerusalem, Israel
48%
US town - Asian CapitalJerusalem, New York
48%
US town - North American CapitalPanama City, Florida
48%
US town - North American CapitalPanama City, Panama
48%
US town - North American CapitalNassau, Bahamas
44%
US town - North American CapitalNassau, New York
44%
US town - Asian CapitalBaghdad, Arizona
40%
US town - Asian CapitalBaghdad, Iraq
40%
US town - Asian CapitalManila, Philippines
29%
US town - Asian CapitalManila, Utah
29%
US town - European CapitalSan Marino, California
29%
US town - European CapitalSan Marino, San Marino
29%
US town - African CapitalTripoli, Iowa
29%
US town - African CapitalTripoli, Libya
29%
US town - Asian CapitalDamascus, Maryland
27%
US town - Asian CapitalDamascus, Syria
27%
US town - North American CapitalKingstown, North Carolina
27%
US town - North American CapitalKingstown, Saint Vincent and the Grenadines
27%
US town - African CapitalMonrovia, California
27%
US town - African CapitalMonrovia, Liberia
27%
US town - North American CapitalRoseau, Dominica
19%
US town - North American CapitalRoseau, Minnesota
19%
US town - African CapitalVictoria, Texas
10%
US town - African CapitalMoroni, Comoros
8%
US town - African CapitalMoroni, Utah
8%
US town - African CapitalVictoria, Seychelles
2%

Score Distribution

Percentile by Number Answered

Percent of People with Each Score

Your Score History

You have not taken this quiz